00547nam a22001697a 450000500170000001000150001702000260003203500130005803700130007108200160008424501260010026000420022627000370026830000220030570000230032770000270035020140901163915.0 aENG-108750 c125.00a9788192397979 aEN-92283 bDBAD/PUB a320.8095414 aDevelopment and decentralization :cedited by Debasis Mahapatra [and] Utpal Kumar Utthasanibthe West Bengal experience / aKolkatabProgressive Publishersc2013 a37A, College StreetbKolkatae73 a151p. c22cm(pbk) aMahapatra, Debasis aUtthasani, Uptal Kumar